| 000 -CABECERA |
| fixed length control field |
02355nam a22004337a 4500 |
| 003 - IDENTIFICADOR DEL NÚMERO DE CONTROL |
| control field |
AR-CdUCM |
| 008 - DATOS DE LONGITUD FIJA--INFORMACIÓN GENERAL |
| fixed length control field |
190304b ||||| |||| 00| 0 spa d |
| 020 ## - NÚMERO INTERNACIONAL ESTÁNDAR DEL LIBRO |
| ISBN |
978-9972-623-63-9 |
| 040 ## - FUENTE DE LA CATALOGACIÓN |
| Agencia/entidad que catalogó originalmente la obra |
MUNICIPALIDAD PROVINCIAL DEL CUSCO |
| Entidad que transcribió la catalogación |
BIBLIOTECA MUNICIPAL DEL CUSCO |
| 082 ## - NÚMERO DE LA CLASIFICACIÓN DECIMAL DEWEY |
| No. de Clasificación |
305.800985 / |
| Notacion interna |
R35 |
| 110 ## - ENTRADA PRINCIPAL--NOMBRE DE ENTIDAD CORPORATIVA |
| Nombre de la institución, jurisdicción como entrada principal |
Instituto Francés de Estudios Andinos |
| 9 (RLIN) |
7750 |
| 245 ## - MENCIÓN DE TÍTULO |
| Título |
El regreso de lo indígena : |
| Resto del título |
retos, problemas y perspectivas / |
| Mención de responsabilidad |
Valérie Robin Azevedo; Carmen Salazar Soler. |
| 260 ## - PUBLICACIÓN, DISTRIBUCIÓN, ETC. |
| Lugar de publicación, distribución, etc. |
Lima : |
| Nombre de la editorial, distribuidor, etc. |
Instituto Francés de Estudios Andinos : |
| -- |
Centro de Estudios Regionales Andinos Bartolomé de Las Casas : |
| -- |
Mondes Américains Societés, Circulations, Pouvoirs XVe-XXIe siécle : |
| -- |
LISST, Centre d'Anthropologie Sociale : |
| -- |
Cooperación Regional para los Países Andinos, Embajada de Francia en el Perú, |
| Fecha de publicación, distribución, etc. |
2009. |
| 300 ## - DESCRIPCIÓN FÍSICA |
| Nº de Páginas Extensión |
292 páginas ; |
| Otros detalles físicos |
Cuadros ; |
| Dimensiones |
23.5 cm. |
| 440 ## - MENCIÓN DE SERIE/PUNTO DE ACCESO ADICIONAL--TÍTULO |
| Título |
Actes y Mémoires |
| Número de la parte/sección de una obra |
: 26. |
| 9 (RLIN) |
7751 |
| 440 ## - MENCIÓN DE SERIE/PUNTO DE ACCESO ADICIONAL--TÍTULO |
| Título |
Estudios y Debates Regionales Andinos |
| Número de la parte/sección de una obra |
: 3109. |
| 9 (RLIN) |
7752 |
| 505 ## - NOTA DE CONTENIDO CON FORMATO |
| Nota de contenido formateada |
Contenido : Parte I: ¿Circunscribir el problema? Sobre unas cuantas dificultades teóricas -- Parte II: Etnicización de la vida política -- Parte III: Conflictos socioambientales y procesos de etnogénesis -- Parte IV: Reinvención de la tradición prehispánica y apropiación de lo indígena ... |
| 650 ## - PUNTO DE ACCESO ADICIONAL DE MATERIA--TÉRMINO DE MATERIA |
| Descriptor |
Etnicidad - Perú - Ensayos - Conferencias |
| 9 (RLIN) |
7753 |
| 650 ## - PUNTO DE ACCESO ADICIONAL DE MATERIA--TÉRMINO DE MATERIA |
| Descriptor |
Indigenismo - Ensayos |
| 9 (RLIN) |
7754 |
| 650 ## - PUNTO DE ACCESO ADICIONAL DE MATERIA--TÉRMINO DE MATERIA |
| Descriptor |
Condiciones sociales - Indígenas |
| 9 (RLIN) |
7755 |
| 650 ## - PUNTO DE ACCESO ADICIONAL DE MATERIA--TÉRMINO DE MATERIA |
| Descriptor |
Relaciones raciales - Perú |
| 9 (RLIN) |
7756 |
| 700 ## - PUNTO DE ACCESO ADICIONAL--NOMBRE DE PERSONA |
| Nombre Personal |
Robin Azevedo, Valérie (Editora) |
| 9 (RLIN) |
7757 |
| 700 ## - PUNTO DE ACCESO ADICIONAL--NOMBRE DE PERSONA |
| Nombre Personal |
Salazar-Soler, Carmen (Editora) |
| 9 (RLIN) |
7758 |
| 700 ## - PUNTO DE ACCESO ADICIONAL--NOMBRE DE PERSONA |
| Nombre Personal |
Favre, Henri |
| 9 (RLIN) |
7759 |
| 700 ## - PUNTO DE ACCESO ADICIONAL--NOMBRE DE PERSONA |
| Nombre Personal |
Lavaud, Jean-Pierre |
| 9 (RLIN) |
7760 |
| 700 ## - PUNTO DE ACCESO ADICIONAL--NOMBRE DE PERSONA |
| Nombre Personal |
Lestage, Francois |
| 9 (RLIN) |
7761 |
| 700 ## - PUNTO DE ACCESO ADICIONAL--NOMBRE DE PERSONA |
| Nombre Personal |
Gamarra Carrillo, Jefrey |
| 9 (RLIN) |
7762 |
| 700 ## - PUNTO DE ACCESO ADICIONAL--NOMBRE DE PERSONA |
| Nombre Personal |
Alvizuri, Verushk |
| 9 (RLIN) |
7763 |
| 700 ## - PUNTO DE ACCESO ADICIONAL--NOMBRE DE PERSONA |
| Nombre Personal |
Herrera Sarmiento, Enrique |
| 9 (RLIN) |
7764 |
| 700 ## - PUNTO DE ACCESO ADICIONAL--NOMBRE DE PERSONA |
| Nombre Personal |
Galinier, Jacques |
| 9 (RLIN) |
7765 |
| 700 ## - PUNTO DE ACCESO ADICIONAL--NOMBRE DE PERSONA |
| Nombre Personal |
Molinié, Antoinette |
| 9 (RLIN) |
7766 |
| 700 ## - PUNTO DE ACCESO ADICIONAL--NOMBRE DE PERSONA |
| Nombre Personal |
Itier, César |
| 9 (RLIN) |
7767 |
| 710 ## - PUNTO DE ACCESO ADICIONAL--NOMBRE DE ENTIDAD CORPORATIVA |
| Nombre corporativo (En letras Mayúsculas) |
Centro de Estudios Regionales Andinos Bartolomé de Las Casas |
| 9 (RLIN) |
7768 |
| 710 ## - PUNTO DE ACCESO ADICIONAL--NOMBRE DE ENTIDAD CORPORATIVA |
| Nombre corporativo (En letras Mayúsculas) |
Mondes Américains Societés, Circulations, Pouvoirs XVe-XXIe siécle |
| 9 (RLIN) |
7769 |
| 710 ## - PUNTO DE ACCESO ADICIONAL--NOMBRE DE ENTIDAD CORPORATIVA |
| Nombre corporativo (En letras Mayúsculas) |
LISST, Centre d'Anthropologie Sociale |
| 9 (RLIN) |
7770 |
| 710 ## - PUNTO DE ACCESO ADICIONAL--NOMBRE DE ENTIDAD CORPORATIVA |
| Nombre corporativo (En letras Mayúsculas) |
LISST, Centre d'Anthropologie Sociale |
| 9 (RLIN) |
7770 |
| 942 ## - ELEMENTOS DE PUNTO DE ACCESO ADICIONAL (KOHA) |
| Fuente de clasificación |
|
| Tipo de item |
Libros-BMC |
| 945 ## - PROCESAMIENTO DE INFORMACIÓN LOCAL (OCLC) |
| Catalogador |
lccs |
| AAAA-MM-DD - Fecha de ingreso o modificacion |
2019-03-04 |